00894nam a2200241 a 4500001001000000003000900010005001700019007000300036008004100039040002500080082001600105100003900121245006500160260007100225300002700296500002300323590002700346590006200373910001400435942001400449952017200463999001700635000032246DO-SdBNP20220726125842.0ta110713s1943 dr a 000 0 spa d aDO-SdBNPbspacBNPHU axxxxbM676c aMiró, Baltasar958307d1914-194710aCirculos de arena y de humo . :brelatos /cBaltasar Miró  aCiudad Trujillo, República Dominicana :bEdiciones Agora,c1943. a58 p. :bil. ;c23 cm. aGravados de Alloza aInventariado, 2022/ YL aPerteneció a la biblioteca personal de Martínez Boog. aYLockward 2ddccLBS1 00102ddc51708PD-RVaBNPHUbBNPHUcCTd2011-07-13iLF1oxxxx M676cp32246-10r2020-06-25w2020-06-25yLBS1zPerteneció a la biblioteca personal de Martínez Boog c31737d31737